Top 50 FIFA Soccer ratings of nations - Statistics

General Stats
  • This quiz has been taken 382 times
  • The average score is 37 of 50
Answer Stats
Answer % Correct
2 France
98%
3 Brazil
97%
12 Argentina
95%
4 England
94%
11 Germany
94%
1 Belgium
92%
5 Portugal
92%
7 Spain
91%
14 Italy
89%
15 the Netherlands
88%
30 USA
86%
44 Russia
85%
13 Colombia
84%
18 Mexico
84%
17 Sweden
84%
16 Chile
82%
29 Japan
82%
19 Poland
82%
8 Uruguay
82%
6 Croatia
81%
10 Denmark
78%
9 Switzerland
78%
26 Austria
76%
48 Norway
76%
43 Australia
75%
37 Korea Republic
75%
32 Republic of Ireland
73%
23 Wales
73%
24 Ukraine
72%
45 Scotland
71%
21 Peru
70%
22 Senegal
70%
47 Morocco
69%
38 Turkey
69%
46 Nigeria
68%
34 Serbia
68%
35 Iceland
65%
41 Czech Republic
64%
42 Hungary
64%
20 Iran
62%
31 Slovakia
62%
27 Romania
60%
40 Bosnia and Herzegovina
58%
36 Paraguay
57%
50 Ghana
55%
39 Costa Rica
54%
25 Tunisia
54%
33 Venezuela
54%
28 Northern Ireland
46%
49 Congo DR
24%
No matching quizzes found
Score Distribution
Percent of People with Each Score
Percentile by Number Answered
Your Score History
You have not taken this quiz